| 000 | 01206cam a22003254a 4500 | ||
|---|---|---|---|
| 001 | 15443162 | ||
| 003 | OSt | ||
| 005 | 20140310182724.0 | ||
| 008 | 080908s2009 nyua b 001 0 eng | ||
| 010 | _a 2008039061 | ||
| 020 | _a9780071085786 | ||
| 020 | _a0073370193 | ||
| 040 |
_aDLC _cDLC _dDLC |
||
| 050 | 0 | 0 |
_aBF 121 _b.F34 2010 |
| 100 | 1 |
_aFeldman, Robert S. _q(Robert Stephen), _d1947- |
|
| 245 | 1 | 0 |
_aUnderstanding psychology / _cRobert S. Feldman. |
| 250 | _a9th ed. | ||
| 260 |
_aNew York : _bMcGraw-Hill, _cc2010. |
||
| 300 |
_aliii, 621 p. : _bcol. ill. ; _c28 cm. |
||
| 504 | _aIncludes bibliographical references (p. R-1-R-65) and index. | ||
| 521 | _aPSYCH | ||
| 562 | _eFor circulation. 1 copy available in the collection. | ||
| 650 | 0 |
_aPsychology _vTextbooks. |
|
| 856 | 4 | 2 |
_3Publisher description _uhttp://www.loc.gov/catdir/enhancements/fy0901/2008039061-d.html |
| 856 | 4 | 1 |
_3Table of contents only _uhttp://www.loc.gov/catdir/enhancements/fy0901/2008039061-t.html |
| 906 |
_a7 _bcbc _corignew _d1 _eecip _f20 _gy-gencatlg |
||
| 942 |
_2lcc _cBK _kFOR |
||
| 999 |
_c15374 _d15374 |
||